| 000 | 00558nam a22002057i 4500 | ||
|---|---|---|---|
| 001 | 4584 | ||
| 003 | OSt | ||
| 005 | 20170126082337.0 | ||
| 007 | tu | ||
| 008 | 161220s2000 xxu||||| |||| 00| 0 d | ||
| 024 | 7 |
_a4583 _2RID |
|
| 040 | _cOSt | ||
| 084 |
_a22.21 _a22.23 _2z |
||
| 100 | 1 | _aLammers, Konrad | |
| 245 | 0 | 0 | _aRegionalpolitische Implikationen der neuen ökonomischen Geographie |
| 260 |
_aHamburg : _bHWWA-Institut für Wirtschaftsforschung,Hamburg, _c2000. |
||
| 300 |
_a28 S. ; _c30cm. |
||
| 490 |
_aHWWA-Diskussionspapier _v85 |
||
| 700 | 1 | _aStiller, Silvia | |
| 942 | _cB | ||
| 999 |
_c4501 _d4501 |
||